Characters in Sam Raimi's Spider-Man Trilogy - Statistics

General Stats
  • This quiz has been taken 1,131 times
  • The average score is 6 of 13
Answer Stats
Character's Name(s) Actor/Actress % Correct
Peter Parker/Spider-Man Tobey Maguire
90%
Harry Osborn/New Goblin James Franco
84%
Mary Jane (MJ) Watson Kirsten Dunst
78%
Norman Osborn/Green Goblin Willem Dafoe
73%
J. Jonah Jameson J.K. Simmons
56%
Bystander/Man on the Street Stan Lee
38%
Ring Announcer/Snooty Usher/Maitre d' Bruce Campbell
32%
May Parker Rosemary Harris
28%
Betty Brant Elizabeth Banks
26%
Ben Parker Cliff Robertson
24%
Hoffman Ted Raimi
21%
Joseph "Robbie" Robertson Bill Nunn
13%
Bernard John Paxton
4%
No matching quizzes found
Score Distribution
Percent of People with Each Score
Percentile by Number Answered
Your Score History
You have not taken this quiz